Production and marketing of tea in Malawi. (Record no. 27665)
[ view plain ]
| 000 -LEADER | |
|---|---|
| fixed length control field | 00596cam0a220019300 4500 |
| 001 - CONTROL NUMBER | |
| control field | zam00000651 |
| 008 - FIXED-LENGTH DATA ELEMENTS--GENERAL INFORMATION | |
| fixed length control field | 970717n xx eng u |
| 035 ## - SYSTEM CONTROL NUMBER | |
| System control number | (Sirsi) r130651 |
| 040 ## - CATALOGING SOURCE | |
| Modifying agency | UPRA |
| 100 ## - MAIN ENTRY--PERSONAL NAME | |
| Personal name | Palmer-Jones, R.W. |
| Linkage | A105612.1 |
| 245 10 - TITLE STATEMENT | |
| Title | Production and marketing of tea in Malawi. |
| 260 ## - PUBLICATION, DISTRIBUTION, ETC. | |
| Place of publication, distribution, etc. | Reading : |
| Name of publisher, distributor, etc. | University of Reading, |
| Date of publication, distribution, etc. | 1974. |
| 440 #0 - SERIES STATEMENT/ADDED ENTRY--TITLE | |
| Title | Development study no. 15 |
| Linkage | S14897.1 |
| 520 ## - SUMMARY, ETC. | |
| Summary, etc. | The study is about tea production and marketing in Malawi. |
| 650 #4 - SUBJECT ADDED ENTRY--TOPICAL TERM | |
| Topical term or geographic name entry element | Tea. |
| Linkage | S12043.1 |
| 650 #4 - SUBJECT ADDED ENTRY--TOPICAL TERM | |
| Topical term or geographic name entry element | Malawi. |
| Linkage | S16527.3 |
| 949 10 - LOCAL PROCESSING INFORMATION (OCLC) | |
| m | INESOR |
| t | BOOK |
| l | ON-SHELF |
No items available.